Statistics for Jeopardy #8486

Click here to take the quiz!

General Stats

  • This quiz has been taken 45 times
  • The average score is 11 of 61

Answer Stats

CategoryCashClueAnswer% Correct
CITY NICKNAMES$400Back when it was Constantinople, this Turkish city was known as "Second Rome"Istanbul
83%
THIS ONE GOES TO 2011$200In December 2011 the last U.S. troops left this country, ending a war that began in 2003; they later returned to fight IsisIraq
75%
POTPOURRI$400In the Disney film he's alphabetically last of Snow White's seven dwarfsSneezy
71%
CITY NICKNAMES$200Oxford is called "The City of Dreaming Spires", while this other U.K. place is "The City of Perspiring Dreams"Cambridge
63%
SPORTY ANAGRAMS$400He sometimes runs the football: FLAB HACKhalfback
58%
CITY NICKNAMES$800Once gently funned as "Brisvegas" for its anemic nightlife, it now prefers "Australia's New World City"Brisbane
50%
BIOGRAPHIES$200"Empire State of Mind" tells how this man became a rap mogulJay-Z
50%
SPORTY ANAGRAMS$800Multi-gender tennis: EDIBLE MUD SOXmixed doubles
50%
CITY NICKNAMES$1000With the hub airport & some of the most glorious beaches of the French Riviera, it's the "City of Angels"Nice
42%
SPORTY ANAGRAMS$200Often unpopular on a diamond: IMPUREthe umpire
42%
MED. ABBREV.$400After a major surgery, you may end up in the ICU, which stands for thisthe intensive care unit
38%
POTPOURRI$600A flock of geese in flight can be called a skein or wedge; the same group on the ground or in the water is thisgaggle
33%
POTPOURRI$200The HT in HTML & HTTP stands for thishypertext
33%
THE ICKIEST OF THE "ICKY"$400Before "wicket" it refers to a muddy part on the cricket pitch, or any awkward problemsticky
33%
THIS ONE GOES TO 2011$400From the early 1800s until 2011, these busy workers carried messages & assisted members in the House of Representativespages
29%
POTPOURRI$800This appetizer has flowered on the Outback Steakhouse menu since 1988--it accounts for 1 in 4 apps ordered therethe Bloomin\' Onion
29%
THE ICKIEST OF THE "ICKY"$200You've been described as fastidious, so you're too thisfinicky
25%
SPORTY ANAGRAMS$600A big shot in basketball: HERE TO RIP NETthree pointer
25%
THIS ONE GOES TO 2011$800As this store chain closed, the CEO wrote, "My sincerest hope is that we remain in the hearts of readers for years to come"Borders
21%
THE ICKIEST OF THE "ICKY"$600Your pasta has too much of the plant bulb Allium sativum, so it's overly thisgarlicky
21%
MED. ABBREV.$800IDDM stands for this-dependent diabetes mellitusinsulin
17%
MED. ABBREV.$1200In med speak, a heart attack is an M.I., this infarctionmyocardial
17%
CITY NICKNAMES$600Looking down Capitol Boulevard, you can see why this U.S. city--whose French-derived name means "wooded"--is the "City of Trees"Boise
13%
THE ICKIEST OF THE "ICKY"$800A fussy baby who cries excessively is often described this waycollicky
13%
BIOGRAPHIES$800"Radioactive... a Tale of Love & Fallout" is about the relationship between this couple with real chemistryMarie & Pierre Curie
13%
THIS ONE GOES TO 2011$1000His decades of rule ended in Egypt, & though bedridden, he went on trial for crimes including abuse of powerMubarak
13%
IT DOESN'T MEAN WHAT IT SOUNDS LIKE$1600Belladonna means "fair lady", but is actually a type of plant called "deadly" thisnightshade
13%
POTPOURRI$1000Andrew Lloyd Webber wrote the music to the songs in "Jesus Christ Superstar"; this man wrote the lyricsRice
13%
IT DOESN'T MEAN WHAT IT SOUNDS LIKE$400Women fought for this, a word which is not derived from "pain", rather from the Latin for "to publicly show support"suffrage
13%
THIS ONE GOES TO 2011$600With a landing in July 2011, the 135-mission program using these came to an endthe Space Shuttles
13%
GEORGE WASHINGTON DID IT$400On Christmas night, 1776, Washington crossed the Delaware; the battle of this now-state capital was the next dayTrenton
13%
MED. ABBREV.$1600A blow to the head could cause TBI, short for thisa traumatic brain injury
8%
BIOGRAPHIES$1000"His Truth Is Marching On" tells about this late, great Georgia congressman & "the Power of Hope"John Lewis
8%
GEORGE WASHINGTON DID IT$1600On May 28, 1754 Lt. Colonel George ordered an attack on the troops of Ensign Coulon de Jumonville, starting this conflictthe French and Indian War
8%
RECENT MOVIES$400It's what "The Meg" is in the Jason Statham aquatic actionera megalodon
4%
MED. ABBREV.$2000P.E. is this type of blood clot in the lungsa pulmonary embolism
4%
COUNTRIES OF THE WORLDN/ANazi Germany annexed this nation & divided it into regions of the Alps & the Danube; the Allies later divided it into 4 sectorsAustria
4%
GEORGE WASHINGTON DID IT$800Before he was president, George presided over this months-long meeting in the summer of 1787Constitutional Convention
4%
BIOGRAPHIES$400"Hiding in Plain Sight" is the subtitle of Julia Sweig's biography of this first lady born in Karnack, Texas(Lady Bird) Johnson
4%
BIOGRAPHIES$600Jon Krakauer's "Where Men Win Glory" tells of this man who left the NFL for the Army & was killed in Afghanistan(Pat) Tillman
4%
NATIONAL LITERARY TITLES$800In this Michael Ondaatje novel, a badly burned plane crash victim remembers a fateful love affairThe English Patient
4%
NATIONAL LITERARY TITLES$1600Meryl Streep starred in a film of this John Fowles novelThe French Lieutenant\'s Woman
4%
IT DOESN'T MEAN WHAT IT SOUNDS LIKE$1200Noisome sounds like it offends the ears, but it means something offensive especially to this other sense organthe nose
4%
RECENT MOVIES$1200Tom Hardy is back in rare form again playing Eddie Brock, a journalist who shares his body with this alien symbioteVenom
4%
NATIONAL LITERARY TITLES$1200This guy is the magnanimous title Greek in Nikos Kazantzakis' novel about living life to the fullestZorba
4%
TALK LIKE A FARMER$1600This unit of measure varies with its content: for wheat it's 60 pounds & for oats, 32a bushel
0%
TALK LIKE A FARMER$2000Despite its name, it's not a frog relative, it's a microscopic worm such as an eelworm that may damage plant rootsa nematode
0%
GEORGE WASHINGTON DID IT$1200A 1791 proclamation by President George ordered the first this of the District of Columbia; a young George would've done it himselfa survey
0%
TALK LIKE A FARMER$4002 main kinds of farming are subsistence farming & growing these alliterative items to sellcash crops
0%
IT DOESN'T MEAN WHAT IT SOUNDS LIKE$2000As a noun this word refers to a gallant mounted knight; as an adjective, it can mean disdainful or offhandcavalier
0%
GEORGE WASHINGTON DID IT$2000At 26 George married a woman with this last name of her first husbandCustis
0%
THE ICKIEST OF THE "ICKY"$1000A list of "10 Most" this adjective "Auto Features" included "cabin perfume dispensers"gimmicky
0%
RECENT MOVIES$800Anthony Ramos took over Lin-Manuel Miranda's singing bodega owner role in the film adaptation of this stage musicalIn the Heights
0%
RECENT MOVIES$2000The 2020 film "Resistance" saw Jesse Eisenberg play this mime working for the French resistanceMarcel Marceau
0%
IT DOESN'T MEAN WHAT IT SOUNDS LIKE$800From the Greek for "song", this type of "drama" sounds like it's really easygoing, but it features exaggerated emotionmelodrama
0%
RECENT MOVIES$1600This word/genre completes the title of a movie with Riz Ahmed as a drummer going deaf, "Sound of..."Metal
0%
SPORTY ANAGRAMS$1000Olympic event with ropes & ribbons: CATCHY STRING SHIMMYrhythmic gynmastics
0%
NATIONAL LITERARY TITLES$2000A home built by the VanHoebeek family gives this 2019 Ann Patchett bestseller its titleThe Dutch House
0%
NATIONAL LITERARY TITLES$400A detective is hired to track down the missing sister of the secretive Miss Wonderly at the beginning of this hard-boiled novelThe Maltese Falcon
0%
TALK LIKE A FARMER$1200Though it's not for tea & conversation, an area that may put the cows in a tandem or rotary setup is this activity's "parlor"the milking parlor
0%
TALK LIKE A FARMER$800This 7-letter layer of earth used for cultivation usually contains more organic matter than the layers beneath ittopsoil
0%

Score Distribution

Percentile by Number Answered

Percent of People with Each Score

Your Score History

You have not taken this quiz